Primera parte de la historia, antiguedades y grandezas de la ... ciudad de Sevilla / (Record no. 153964)

MARC details
000 -LEADER
campo de control de longitud fija 01173nam a2200229 i 4500
001 - NÚMERO DE CONTROL
campo de control 153964
003 - IDENTIFICADOR DE NÚMERO DE CONTROL
campo de control ES-MaACL
005 - FECHA Y HORA DE LA ÚLTIMA TRANSACCIÓN
campo de control 20240215145546.0
008 - DATOS DE LONGITUD FIJA--INFORMACIÓN GENERAL
campo de control de longitud fija 931025s1627 sp |||| | spa d
100 1# - ENTRADA PRINCIPAL--NOMBRE DE PERSONA
Nombre de persona Espinosa de los Monteros, Pablo.
9 (RLIN) 47909
245 10 - MENCIÓN DEL TÍTULO
Título Primera parte de la historia, antiguedades y grandezas de la ... ciudad de Sevilla /
Mención de responsabilidad, etc. compuesta por ... don Pablo de Espinosa de los Monteros ...
260 ## - PUBLICACIÓN, DISTRIBUCIÓN, ETC.
Lugar de publicación, distribución, etc. En Sevilla :
Nombre del editor, distribuidor, etc. En la Officina de Matias Clavijo,
Fecha de publicación, distribución, etc. 1627.
300 ## - DESCRIPCIÓN FÍSICA
Extensión [7], 160 [i.e. 162] h. ;
Dimensiones Fol.
596 ## - NOTA AL PIE DE IMPRENTA
NOTA AL PIE DE IMPRENTA Colofón.
597 ## - NOTA DE DESCRIPCIÓN FÍSICA
NOTA DE DESCRIPCIÓN FÍSICA Sign.: 1-6, *1, A-V8, X2.
597 ## - NOTA DE DESCRIPCIÓN FÍSICA
NOTA DE DESCRIPCIÓN FÍSICA Error de fol., h. 106 y 107 duplicadas.
597 ## - NOTA DE DESCRIPCIÓN FÍSICA
NOTA DE DESCRIPCIÓN FÍSICA Portada con el escudo xilográfico de Sevilla, que representa al rey Fernando III de Castilla, San Leandro y San Isidoro (ambos arzobispos de Sevilla)
651 #4 - PUNTO DE ACCESO ADICIONAL DE MATERIA--NOMBRE GEOGRÁFICO
Nombre geográfico Sevilla-
Subdivisión general Historia-
-- Obras anteriores a 1800.
9 (RLIN) 9390
852 ## - LOCALIZACIÓN
Ubicación ES-MaACL
Número de control de estantería R-3402
Signatura antigua Olim: G-5775
itemnumber 159589
Encuadernación Encuadernación holandesa
Nota libre Cotejado con la relación de obras recuperadas
-- Cambio de signatura. Datos tomados del fichero topográfico R
condición física Falto de la hoja *1
Designación de la unidad física Vol.1
942 ## - ELEMENTOS DE ENTRADA SECUNDARIOS (KOHA)
Fuente del sistema de clasificación o colocación Clasificación decimal universal
Holdings
Estatus retirado Estado de pérdida Estado de daño No para préstamo Colección Biblioteca de origen Biblioteca actual Ubicación en estantería Fecha de adquisición Fuente de adquisición Total de préstamos Signatura topográfica completa Código de barras Visto por última vez Precio de reemplazo Tipo de ítem Koha
        Libros del s. XVII Biblioteca del Ateneo de Madrid Biblioteca del Ateneo de Madrid Depósito 17/01/2008     R-3402 1160974 23/02/2023 23/02/2023 Libro impreso antiguo